00370nam a2200145Ia 4500003000400000005001700004008004100021040000900062082002000071100002500091245004300116260004300159300000800202650001400210OSt20210104103034.0190216s9999||||xx |||||||||||||| ||und|| coclc a894.8121bWAR/K aWarrier, N V Krishna 0aKavya Kauthukam /cN V Krishna Warrier bPoorna Publications, c1986.aCalicut: a70p aKavithkal